[Event "San Sebastian op 37th"]
[Site "San Sebastian"]
[Date "2014.04.18"]
[Round "8"]
[White "Barrio Ugidos, Ibon"]
[Black "Bergez, Luc"]
[Result "0-1"]
[WhiteElo "1905"]
[BlackElo "2368"]
[PlyCount "136"]
[EventDate "2014.04.12"]
[EventType "swiss"]
[EventRounds "9"]
[EventCountry "ESP"]
[SourceTitle "CBM 159 Extra"]
[Source "ChessBase"]
[SourceDate "2014.04.24"]
[SourceVersion "1"]
[SourceVersionDate "2014.04.24"]
[SourceQuality "1"]

1. e4 d5 2. exd5 Nf6 3. d4 Nxd5 4. c4 Nb6 5. Nf3 Bf5 6. Nc3 e6 7. Bd3 Bxd3 8. Qxd3 Be7 9. 0-0 0-0 10. Be3 c5 11. Rfd1 cxd4 12. Nxd4 Qc8 13. b3 Rd8 14. Qc2 N8d7 15. Rd2 a6 16. Rad1 Qc7 17. h3 Nf6 18. Ne4 Nbd7 19. Nxf6+ Nxf6 20. Nf3 Rxd2 21. Rxd2 Bb4 22. Rd3 e5 23. Rd1 h6 24. Qf5 e4 25. Ne5 Re8 26. Ng4 Nxg4 27. Qxg4 Re6 28. Rd5 Bd6 29. Kf1 Kh7 30. Bd4 Bf8 31. h4 b5 32. c5 Kg8 33. h5 b4 34. Qe2 Be7 35. Qg4 Bg5 36. Qf5 Qh2 37. g4 Qh1+ 38. Ke2 Qb1 39. Be3 Bf6 40. Rd2 Be7 41. g5 hxg5 42. Bxg5 Bxg5 43. Qxg5 e3 44. fxe3 Qe4 45. Qd8+ Re8 46. Qd4 Qh1 47. Qd5 Qh2+ 48. Kd3 Qh3 49. Re2 Qh4 50. Kc2 Rd8 51. Qe5 Kf8 52. Rg2 f6 53. Qg3 Qxg3 54. Rxg3 Rc8 55. Rg4 Rxc5+ 56. Rc4 Rxh5 57. Rxb4 Rh2+ 58. Kb1 g5 59. a4 f5 60. Rb6 g4 61. Rxa6 g3 62. Rg6 g2 63. a5 Rh1+ 64. Kb2 g1Q 65. Rxg1 Rxg1 66. b4 Ke7 67. Kc3 Kd6 68. Kc4 Rg8 0-1

[Event "ESP-ch U18"]
[Site "Salobrena"]
[Date "2012.07.23"]
[Round "2"]
[White "Barrio Ugidos, Ibon"]
[Black "Molina Rodriguez, Borja"]
[Result "1-0"]
[WhiteElo "1855"]
[BlackElo "2124"]
[PlyCount "79"]
[EventDate "2012.07.23"]
[EventType "swiss"]
[EventRounds "9"]
[EventCountry "ESP"]
[SourceTitle "EXT 2014"]
[Source "ChessBase"]
[SourceDate "2013.11.20"]
[SourceVersion "1"]
[SourceVersionDate "2013.11.20"]
[SourceQuality "1"]

1. e4 c5 2. Nf3 Nc6 3. d4 cxd4 4. Nxd4 Nf6 5. Nc3 e5 6. Ndb5 d6 7. Bg5 a6 8. Na3 b5 9. Nd5 Be7 10. Bxf6 Bxf6 11. c3 Bg5 12. Nc2 0-0 13. a4 bxa4 14. Rxa4 a5 15. Bc4 Rb8 16. Ra2 Kh8 17. Nce3 g6 18. h4 Bxh4 19. g3 Bg5 20. f4 exf4 21. gxf4 Bh4+ 22. Kf1 f5 23. b4 fxe4 24. Rah2 g5 25. b5 Ne5 26. Qd4 Rb7 27. Rxh4 gxh4 28. Ke2 Rg7 29. fxe5 Qg5 30. Qxe4 Qh5+ 31. Ke1 h3 32. e6 Bb7 33. e7 Re8 34. Nf5 Qg4 35. Qxg4 Rxg4 36. Rxh3 Rxc4 37. Nf6 Re4+ 38. Nxe4 Bxe4 39. Nxd6 Rxe7 40. Re3 1-0

[Event "Bizkaiko-ch Primary"]
[Site "Arrigorriagako"]
[Date "2012.??.??"]
[Round "3.7"]
[White "Ostolazaga Barragan, Eneko"]
[Black "Barrio Ugidos, Ibon"]
[Result "0-1"]
[WhiteElo "1881"]
[BlackElo "1842"]
[PlyCount "20"]
[EventDate "2012.10.20"]
[EventType "tourn"]
[EventRounds "6"]
[EventCountry "ESP"]
[SourceTitle "EXT 2024"]
[Source "ChessBase"]
[SourceDate "2023.10.10"]
[SourceVersion "1"]
[SourceVersionDate "2023.10.10"]
[SourceQuality "1"]

1. d4 d5 2. e3 Nf6 3. c4 e6 4. Nf3 Be7 5. Nc3 0-0 6. Qc2 b6 7. Bd3 Bb7 8. e4 Nc6 9. a3 dxe4 10. Bxe4 Nxd4 0-1

[Event "ESP-ch U14"]
[Site "Granada"]
[Date "2009.07.07"]
[Round "1"]
[White "Barrio Ugidos, Ibon"]
[Black "Aranaz Murillo, Amalia"]
[Result "0-1"]
[WhiteElo "1626"]
[BlackElo "2061"]
[PlyCount "106"]
[EventDate "2009.07.07"]
[EventType "swiss"]
[EventRounds "9"]
[EventCountry "ESP"]
[SourceTitle "CBM 131 Extra"]
[Source "ChessBase"]
[SourceDate "2009.09.03"]
[SourceVersion "2"]
[SourceVersionDate "2009.09.16"]
[SourceQuality "1"]

1. e4 c6 2. d4 d5 3. exd5 cxd5 4. c4 Nf6 5. Nc3 e6 6. Nf3 Bb4 7. Bd3 dxc4 8. Bxc4 0-0 9. 0-0 a6 10. Qd3 b5 11. Bb3 Bb7 12. Rd1 h6 13. Bf4 Bxc3 14. bxc3 Nbd7 15. Bc2 Be4 16. Qe2 Bxc2 17. Qxc2 Nb6 18. Ne5 Rc8 19. Rac1 Nfd5 20. Bd2 Nc4 21. Be1 Nxe5 22. dxe5 Rc4 23. Rd4 Qc7 24. Rxc4 Qxc4 25. Bd2 Rc8 26. a3 Qc7 27. f4 Qc5+ 28. Kh1 Qxa3 29. Qd1 Qc5 30. Ra1 Ra8 31. Qf3 Qc7 32. Qe4 Qc6 33. f5 Ne7 34. Qxc6 Nxc6 35. f6 Nxe5 36. fxg7 Kxg7 37. Bf4 Nc4 38. Kg1 e5 39. Bg3 f6 40. Kf2 a5 41. Ke2 a4 42. Kd3 Rd8+ 43. Ke2 Rd2+ 44. Kf1 Ne3+ 45. Ke1 Rxg2 46. Rc1 Rg1+ 47. Kd2 Nc4+ 48. Kc2 Rxc1+ 49. Kxc1 f5 50. Kc2 Kf6 51. h4 h5 52. Bf2 f4 53. Be1 e4 0-1